International Focus on Russia (Record no. 112893)

MARC details
000 -LEADER
fixed length control field 01010cad a22001935a 4500
001 - CONTROL NUMBER
control field L154237
008 - FIXED-LENGTH DATA ELEMENTS--GENERAL INFORMATION
fixed length control field 111107s2011 xxk 000 0 eng d
035 ## - SYSTEM CONTROL NUMBER
System control number (Sirsi) u154237
041 0# - LANGUAGE CODE
Language code of text/sound track or separate title eng
110 2# - MAIN ENTRY--CORPORATE NAME
Corporate name or jurisdiction name as entry element EC Harris
9 (RLIN) 4930
245 00 - TITLE STATEMENT
Title International Focus on Russia
Remainder of title winter olympics and football world cup boost infrastructure spend as Russian economy grows
Medium [electronic resource]
260 ## - PUBLICATION, DISTRIBUTION, ETC.
Place of publication, distribution, etc. [S.l.]
Name of publisher, distributor, etc. ECHarris
Date of publication, distribution, etc. 2011
520 ## - SUMMARY, ETC.
Summary, etc. This overview of the construction industry in Russia looks at the banks, employment, funding, leisure and sport, the property market, indicative costs per m² in Russia (Euros per sqm), residential, retail, materials, forecasting and a chart showing the economy and construction at a glance 2010, 2011, and 2012.
590 ## - LOCAL NOTE (RLIN)
Local note KA NTK
651 #4 - SUBJECT ADDED ENTRY--GEOGRAPHIC NAME
Geographic name Russia
690 ## - LOCAL SUBJECT ADDED ENTRY--TOPICAL TERM (OCLC, RLIN)
Topical term or geographic name as entry element BUILT ENVIRONMENT-CONSTRUCTION MARKET
856 40 - ELECTRONIC LOCATION AND ACCESS
Uniform Resource Identifier <a href="https://www.echarris.com/pdf/8083_International%20Focus%20on%20Russia%20FINAL.pdf">https://www.echarris.com/pdf/8083_International%20Focus%20on%20Russia%20FINAL.pdf</a>
Public note View the item free of charge at www.echarris.com
942 ## - ADDED ENTRY ELEMENTS (KOHA)
Suppress in OPAC 0
Holdings
Withdrawn status Lost status Source of classification or shelving scheme Damaged status Not for loan Home library Current library Shelving location Date acquired Total Checkouts Full call number Barcode Date last seen Copy number Price effective from Koha item type
    Dewey Decimal Classification     Virtual Virtual Online 07/11/2011   ONLINE PUBLICATION 154237-2001 06/08/2019 1 06/08/2019 Book